MDQL
is popping MORE tags! Check the
thread
!
Quizzes
Events
Quiz Creation
Community
Videos
Private Events
Remove Ads
Sign In
Join for FREE
Feedback
Dark Mode
Quiz Categories
Sports
Geography
Music
Movies
Television
Just For Fun
Miscellaneous
History
Literature
Language
Science
Gaming
Entertainment
Religion
Holiday
For Kids
Quiz Lab
Recent
Popular Today
Quiz Kudos Today
Editor Picks
Curator Picks
Quizzes by...
Day
Popularity
Type
Ratings
Length
Year
Community
Subscriptions
Recent Discussions
Orange Saloon
Badges
Playlists
Quests
Create
Leaderboards
Showdown
Live 5
Trivia Bingo
Activity
Puzzle Library
Sporcle Events
Private Events
Virtual Trivia
Globe League
Become a Host
Pub Owners
SporcleCon
Opinionation
Our Games
Videos
Blog
Mobile Apps
Partnerships
Remove Ads and Go Orange
Feedback
Just For Fun
Clickable
Get the Picture
Humor
Quick Pick
Word Ladder
Missing Word
Mixed Word
Blitz
Minefield
This or That
Alphabet
Color
Typing
Sporcle
Puzzle
Word Play
Follow That Line
Logic
Just For Fun
Clickable
Get the Picture
Humor
Quick Pick
Word Ladder
Missing Word
Mixed Word
Blitz
Minefield
This or That
Alphabet
Color
Typing
Sporcle
Puzzle
Word Play
Follow That Line
Logic
Random Quiz
Search Sporcle
×
Quiz Lab
Quiz Lab
Just For Fun
connect
Type in answers that appear in a list
Type in answers that appear in a list
Classic
Best Score? Go Orange.
Connect 5 Stats
Can you name the Connected Groups of 5?
By
Chameleon
20m
102 Questions
321 Plays
321 Plays
321 Plays
Comments
Comments
Give Quiz Kudos
Give Quiz Kudos
-
- Ratings
hide this ad
More Info
Replay
Link that replays current quiz
Next Quiz
Link to next quiz in quiz playlist
You Got
0%
They Got
Avg Score
64%
Avg Friend Score
Upgrade to see
Score Distribution
Jump to the score distribution portion of the page
Score
0/102
Timer
20:00
0
Plays Today
Group
Answer
% Correct
Group3
Connection Correct
88.8%
Group4
Connection Correct
88.8%
Group5
Connection Correct
88.8%
Group1
CentDimeQuarterDollarHalf Dollar
88.5%
Group2
Correct Answer!
88.5%
Group1
BassTrebleAltoTenorSoprano
86.6%
Group2
Connection Correct
86.6%
Group3
Connection Correct
86.6%
Group4
Connection Correct
86.6%
Group5
Connection Correct
86.6%
Group2
Correct!
85.4%
Group4
Correct!
85.4%
Group5
Correct!
85.4%
Group1
PutterWoodDriverIronWedge
85%
Group3
Correct!
85%
Group1
MareColtFillyPonyStallion
83.8%
Group2
Great!!
83.8%
Group3
Great!!
83.8%
Group5
Great!!
83.8%
Group4
Great!!
83.8%
Group2
Keep Going!
83.5%
Group3
Keep Going!
83.5%
Group4
Keep Going!
83.5%
Group5
Keep Going!
83.5%
Group1
NickelTinCopperSilverZinc
83.5%
Group1
NapFortyWinksSiestaShuteyeSlumber
83.2%
Group2
Keep Going
83.2%
Group3
Keep Going
83.2%
Group4
Keep Going
83.2%
Group5
Keep Going
83.2%
Group1
LoveZilchNilZeroNada
82.6%
Group3
Connection Correct!
82.6%
Group4
Connection Correct!
82.6%
Group5
Connection Correct!
82.6%
Group
Answer
% Correct
Group2
Connection Correct!
82.6%
Group1
FearHateDisgustGriefSurprise
81%
Group2
Right Answer!
81%
Group3
Right Answer!
81%
Group4
Right Answer!
81%
Group5
Right Answer!
81%
Connection 5
Golf Clubs
78.5%
Connection 13
Coin metals
78.5%
Group1
WolfJackalDingoCoyoteDhole
76.6%
Group2
Correct Answer
76.6%
Group3
Correct Answer
76.6%
Group4
Correct Answer
76.6%
Group5
Correct Answer
76.6%
Connection 4
Sleep
76%
Connection 14
Horses
75.7%
Group1
KirkCathedralSynagogueChapelMosque
74.1%
Group2
Right!
74.1%
Group3
Right!
74.1%
Group4
Right!
74.1%
Group5
Right!
74.1%
Connection 3
Nothing
74.1%
Connection 16
Places of Worship
72.6%
Connection 6
Emotions
67.6%
Connection 15
US Money
67.3%
Connection 8
Voices
65.4%
Connection 12
Wild Dogs
63.6%
Connection 11
Star Trek Captains
60.1%
Connection 17
Fish
59.5%
Group2
Good Answer!
57.9%
Group1
GoldAngelSwordBlowCat
57.9%
Group3
Good Answer!
57.9%
Group4
Good Answer!
57.9%
Group5
Good Answer!
57.9%
Group1
ArcherPicardJanewaySiskoPike
55.5%
Group
Answer
% Correct
Group2
Don't stop!!
55.5%
Group4
Don't stop!!
55.5%
Group5
Don't stop!!
55.5%
Group2
Correct
54.2%
Group3
Correct
54.2%
Group4
Correct
54.2%
Group5
Correct
54.2%
Group1
BeefMoanKvetchCarpNag
53.9%
Group3
Don't stop!!
53.3%
Connection 2
Complain
45.2%
Connection 1
Flying
39.6%
Group1
FoxFishButtressColoursSaucer
37.4%
Group2
Good Answer!!
37.4%
Group3
Good Answer!!
37.4%
Group5
Good Answer!!
37.4%
Group4
Good Answer!!
37.4%
Group2
Don't Stop!
32.4%
Group3
Don't Stop!
32.4%
Group5
Don't Stop!
32.4%
Group4
Don't Stop!
32.4%
Group1
ClubCapWatchmanGownRider
32.1%
Group1
DogDozeFrogFightRing
31.5%
Group2
Connection Right!
31.5%
Group3
Connection Right!
31.5%
Group5
Connection Right!
31.5%
Group4
Connection Right!
31.5%
Connection 9
Night
31.2%
Connection 10
Bull
26.8%
Group1
HardGreenPiggyDiamondSwitch
24.6%
Group2
Great!
24.6%
Group3
Great!
24.6%
Group4
Great!
24.6%
Group5
Great!
24.6%
Connection 7
Back
19.6%
Quiz Playlist
Details
Report
Send in Message
Add To Playlist
More Info:
Type in the 5 words in group order as one list eg. RedBlueYellowGreenOrange. Enter the connections of the groups. Beware of Red Herrings!
Classic:
Type in answers that appear in a list
Last Updated: Feb 16, 2017
Quiz Scoreboard
CHALLENGE
Sign Up to Join the Scoreboard
Show All
Scores
Hide
Comments
May contain spoilers
Recently Published
Holiday 10x10 Sorting Gallery
by lukepisani3
Holiday
15m
Two Season TV Shows II
by 123Four
Television
10m
Image Sorting: Flags VI
by Barbecue
Geography
2m
More to Explore
Quiz From the Vault
Featured Blog Post
14 Easter Pick-up Lines to Find Eggs With
hide this ad
You Might Also Like...
Tags
connect
Connected
group
Today's Top Quizzes in Just For Fun
Browse Just For Fun
hide this ad
Today's Top Quizzes in connect
Browse connect
Top Contributed Quizzes in Just For Fun
1
Name Just One - 10 to 1: Just For Fun
2
Missing Word: 2-Letter A-Z II
3
Eurovision 2024 Countries Logic Puzzle
4
Missing Letter Whitney Houston Songs
5
Avatar the Last Airbender: Logic Puzzle
6
Missing Word: 'Of' Things A-Z
7
Survivor Winners Logic Puzzle
8
It's Magic / Witchcraft 🎩🪄🧙♀️
9
Killer Double Trees 224 - Colour Match-Up
10
Missing Word: 'Of' Things A-Z II
Explore More
Trending Topics
NBA
Disney
Crossword
Harry Potter
Marvel
Kpop
Anime
Pokémon
The Office
Soccer
WWE
NFL
Country
Puzzle
Song
hide this ad
More By:
Chameleon
Quiz
Plays
Rating
Category
Featured
Created
Food in Other Words
33,568
4.43
Language
May 27, 2015
Correct Title of Literary Works
25,955
4.75
Literature
Feb 13, 2019
Classic Board Games Reviews
23,764
4.61
Gaming
Jan 17, 2018
Word Ladder: Indiana Jones
19,883
4.43
Just For Fun
May 18, 2013
It's a No-No!
19,098
4.52
Language
Aug 31, 2019
Go to Creator's Profile
Score Distribution
Quiz Creator Spotlight
Chameleon
Follow
Send a Message
Quizzes Created
-
Created Quiz Play Count
-
More By This Creator
Popular Quizzes Today
1
Find the US States - No Outlines Minefield
2
Colored Red Africa Blitz
3
Find the 'City' Movie
4
The Countries of the World
5
Find the US States
6
5x2 Blitz: Bands
7
Find the Countries of Europe - No Outlines Minefield
8
US States
More Just For Fun Quizzes
Numbers in the Just for Fun & Miscellaneous Categories
Curator's Pick
Trending Quizzes
Colored Red Europe Blitz I
Colored Red Europe Blitz II
Colored Red Africa Blitz II
Colored Red Europe Blitz III
Colored Red Africa Blitz III
Recently Updated
Odd Team Out - Big 4 Players
pecheneg
Quick Pick: 20 Twenties
pecheneg
March Madness Men's Triple Doubles
pecheneg
How Do You Spell That?
pecheneg
Godzilla Movies
pecheneg
Grab Bag: 4-10 Letters
pecheneg
2024 March Madness Bracket
pecheneg
Famous TV Couples
Peacemaker
Champions League XIs: Real Madrid
pecheneg
Largest US Cities 1790-2010
pecheneg
Trending Topics
Crossword
NBA
Disney
Harry Potter
Marvel
Anime
Kpop
Soccer
NFL
Puzzle
Pokémon
Song
Country
WWE
The Office
Your Account Isn't Verified!
In order to create a playlist on Sporcle, you need to verify the email address you used during registration. Go to your
Sporcle Settings
to finish the process.
Report this User
Report this user for behavior that violates our
Community Guidelines
.
Details:
Send Report
Go to the Sporcle.com Mobile Site →
Comments